000 00704nam a2200217Ia 4500
003 CO-CtgCURN
005 20250410184511.0
008 190723s9999 xx 000 0 und d
020 _a9586533212
040 _aCO-CtgCURN
_bspa
_ccoctgcurn
082 _a344.602
_bY35
100 _aYaya Martínez, Carlos
245 0 _aPráctica forense administrativa /
_cCarlos Yaya Martínez
260 _aBogotá, Colombia :
_bLeyer,
_c2002
300 _a862 páginas ;
_c25 centímetros
521 _aAREA PROFESIONAL
590 _aPrograma de Derecho_18
650 _aPráctica forense
942 _cBK
_h344.602
_iY35
_2ddc
_n0
999 _c28709
_d28709